00844nam a2200241 a 4500001000400000003001000004005001700014008004100031020001800072040002500090080002100115090003100136100003300167245007800200250003200278260005000310300002100360504003600381650002700417942001200444952013300456999001300589764BR-CuiBMT20231116202241.0231116b spb 001 0 por d a9788520368473 aBR-CuiBMTcBR-CuiBMT 22007a347.91/.95 a347.91/.95bM491cc4. ed. 1 aMedina, José Miguel Garcia10aCurso de direito processual civil moderno /cJosé Miguel Garcia Medina. a4. ed., rev., atual e ampl. aSão Paulo :bRevista dos Tribunais, c2018. a1678 p. ;c24 cm aInclui bibliografia e índice. aProcesso civilzBrasil 2udccLV 00102udc4070aBIBTCEMTbBIBTCEMTd2023-11-16l0o347.91/.95 M491c 4. ed.pBIBTCEMT23110669r2023-11-16tEx. 1w2023-11-16yLV c764d764